000 00677nam a2200253Ia 4500
003 OSt
005 20221007065407.0
006 a|||||r|||| 00| 0
007 ta
008 221006b |||||||| |||| 00| 0 eng d
024 _a25,142
037 _cTextual
040 _aFLL
_cFLL
_beng
041 _2eng
_aeng
082 _aZ3,805, M3
100 _aFitzgerald Mike
_9391702
245 0 _aSystem of justice
250 _a1st
260 _aEngland
_bBasil Blackwell Publisher Ltd. England
_c1983
300 _a1-216p
_ccm.
700 _a Muncie John
_9391703
942 _hZ3,805, M3
_cTEXL
_2CC
999 _c1137172
_d1137172